| 000 | 00856cam a2200289 4500 | ||
|---|---|---|---|
| 999 |
_c329481 _d329481 |
||
| 001 | 1557028 | ||
| 003 | NUST | ||
| 005 | 20170509125643.0 | ||
| 008 | 750411s1958 xx 000 0 eng d | ||
| 015 | _aGB58-8634 | ||
| 020 | _a0435686666 | ||
| 029 | 1 |
_aUKM _bb5808634 |
|
| 035 | _a(OCoLC)ocm01269652 | ||
| 035 | _a(NNC)1557028 | ||
| 040 |
_aGAT _cGAT _dUKM |
||
| 082 | 0 | 4 |
_a530 NEL _218 |
| 090 |
_aQC21 _b.N38x |
||
| 100 | 1 |
_aNelkon, Michael. _9193 |
|
| 245 | 1 | 0 |
_aAdvanced Level Physics, _cby M. Nelkon and P. Parker. |
| 250 | _a5th ed. | ||
| 260 |
_aMelbourne, _bHeinemann _c1982 |
||
| 300 |
_a948 p. _billus., tables. _c23 cm. |
||
| 500 | _aP.B | ||
| 650 | 0 |
_aPhysics. _9190 |
|
| 700 | 1 |
_aParker, P. _q(Philip), _eauthor. _9194 |
|
| 942 |
_2ddc _cBK _k530 NEL |
||